000 00640nam a2200241Ia 4500
003 OSt
005 20220918214529.0
006 a|||||r|||| 00| 0
007 ta
008 220917b |||||||| |||| 00| 0 eng d
024 _a137,868
037 _cTextual
040 _aARTS
_cARTS
_beng
041 _2eng
_aeng
082 _aYxM64, M9
100 _aHolton Robert J
_9131627
245 0 _aMax Weber and economy and society
260 _aLondon
_bRoutledge
_c1989
650 _aSOCIOLOGY
700 _a Turner Bryan S
942 _hYxM64, M9
_cTEXL
_2CC
999 _c260942
_d260942